عرض عادي عرض مارك
  • Howarth, Peter,

مدخل إسم شخص

عدد التسجيلات المستخدمة في: 1

001 - رقم الضبط

  • حقل الضبط: 58414

003 - معرف رقم الضبط

  • حقل الضبط: OSt

005 - تاريخ ووقت أخر عملية

  • حقل الضبط: 20170803194757.0

008 - عناصر بيانات ثابتة الطول

  • حقل تحكم ثابت الطول: 170803|| aca||aabn | a|a d

040 ## - مصدر الفهرسة

  • هيئة الفهرسة الأصلية: OSt
  • وكالة الكتابة: OSt

100 ## - مدخل -- أسم شخص

  • إسم شخص: Howarth, Peter,
  • تواريخ مرتبطة بالاسم: 1973-

670 ## - بيانات المصدر موجوده

  • الاستشهاد بالمصدر: Work cat.: (OSt)0: Howarth, Peter, 1973-, The Cambridge Introduction to modernist poetry /, 2012.